<?xml version="1.0" encoding="UTF-8"?>
<marc:record xmlns:marc="http://www.loc.gov/MARC21/slim">
   <marc:leader>00000nam a2200000 a 4500</marc:leader>
   <marc:datafield ind1="0" ind2="0" tag="245">
      <marc:subfield code="a">Sicher zur Schule</marc:subfield>
   </marc:datafield>
   <marc:datafield ind1="0" ind2="0" tag="245">
      <marc:subfield code="b">Der echte Scout</marc:subfield>
   </marc:datafield>
   <marc:datafield ind1=" " ind2="1" tag="264">
      <marc:subfield code="a">Fürth</marc:subfield>
      <marc:subfield code="b">Klee Spiele Fürth</marc:subfield>
   </marc:datafield>
   <marc:datafield ind1="1" ind2=" " tag="520">
      <marc:subfield code="a">Scout - Sicher zur SchuleWie lernen Kinder, sich sicher und richtig im Verkehr zu bewegen? Alltägliche Situationen, z. B. an der Ampel oder beim Fahrradfahren, werden auf Kartenpaaren dargestellt. Da heißt es genau hingeschaut - auf welcher Karte stimmt alles und wo sind Fehler versteckt? Zusätzlich sind die wichtigsten Verkehrszeichen mit im Spiel. Wer die meisten passenden Paare findet, ist der Sieger und im Straßenverkehr sicher unterwegs!</marc:subfield>
   </marc:datafield>
   <marc:datafield ind1=" " ind2=" " tag="500">
      <marc:subfield code="a">4 Legetafeln</marc:subfield>
   </marc:datafield>
   <marc:datafield ind1="0" ind2=" " tag="490">
      <marc:subfield code="v">0</marc:subfield>
   </marc:datafield>
</marc:record>
